Every Country the JetPunk Quizmaster Has Been To - Statistics

General Stats
  • This quiz has been taken 14 times
  • The average score is 24 of 29
Answers on the Map
Answers color-coded by a green-red scale on the quiz's map according to % correct below.
 
Answer Stats
Answer % Correct
Australia
100%
Canada
100%
China
100%
France
100%
Germany
100%
Greece
100%
Italy
100%
Mexico
100%
Spain
100%
United Kingdom
100%
United States
100%
Japan
92%
Netherlands
92%
Austria
83%
Denmark
83%
Ireland
83%
New Zealand
83%
Norway
83%
Sweden
83%
Turkey
83%
Colombia
67%
Peru
67%
Taiwan
67%
Thailand
58%
Vatican City
58%
Costa Rica
50%
Monaco
50%
Tanzania
50%
San Marino
42%
No matching quizzes found
Score Distribution
Percent of People with Each Score
Percentile by Number Answered
Your Score History
You have not taken this quiz